LEADER 01280nam a2200301 i 4500 001 000000235627 003 CaOOAMICUS 005 20211022160550.0 008 141111s2011 it u000 u ita u 013 $a214531 020 $a978-88-06-20753-3 040 $aSeMil$bita 100 1 $aBinet, Laurent.$0(OLS)http://semarc/name/80548 245 10$aHHhH :$bil cervello di Himmler si chiama Heydrich /$cLaurent Binet ; traduzione di Margherita Botto. 264 1$aTorino :$bEinaudi,$c2011. 300 $a342 p. :$bill. ;$c22 cm. 490 1 $aFrontiere Einaudi 600 14$aHeydrich, Reynard <1904-1942>.$0(OLS)http://semarc/subject/41884 650 4$aNazionalsocialismo.$0(OLS)http://semarc/subject/12926 700 1 $aBotto, Margherita,$d<1949-2023>.$0(OLS)http://semarc/name/18434 830 0$aFrontiere Einaudi.$0(OLS)http://semarc/title/30478 850 $aSeMil 852 $aSeMil$W1$xVenegono$y1$m3U V 475$j185973$B185973$CSeMilBibl$Z2$F198082 $81 961 $aLascito: Serenthà don Mario 996 $6020$a978-88-06-20753-3$9(OLS)http://semarc/number/240362 996 $6245$aHHhH :$bil cervello di Himmler si chiama Heydrich$9(OLS)http://semarc/title/335881 996 $6264$aTorino :$bEinaudi$9(OLS)http://semarc/publisher/29884 LEADER 00797nam a2200205 i 4500 001 000000209250 003 CaOOAMICUS 005 20240919120158.0 008 111212s1979 it u000 u mul u 040 $aSeMil$bita 245 10$aVol. 2. 300 $aVIII, 661 p., [6] c. di tav., [10] p. di tav. 490 1 $aStoria e letteratura : raccolta di studi e testi ;$v140. 773 0 $tPalaeographica, diplomatica et archivistica.$dRoma : Edizioni di Storia e Letteratura, 1979.$w()25978 830 0$aStoria e letteratura ;$v140.$0(OLS)http://semarc/title/420 850 $aSeMil 852 $aSeMil$W1$xVenegono$y1$m3T V 140$j159701$B159701$CSeMilBibl$Z2$F170752 $81 961 $aAcquisto: Casa editrice 996 $6245$aVol. 2$9(OLS)http://semarc/title/13458